[Event "MCR senioru 2020 nad 70 let"]
[Site "Rychnov n. K."]
[Date "2020.08.11"]
[Round "4"]
[White "Pavlicek, Petr"]
[Black "Trojan, Lubos"]
[Result "0-1"]
[WhiteElo "1860"]
[BlackElo "1953"]
[EventDate "2020.08.08"]

1. e4  e6  2. d4  d5
3. Nd2  Nf6  4. e5
Nfd7  5. Bd3  c5
6. c3  b6  7. Ne2
Ba6  8. Nf3  Bxd3
9. Qxd3  Be7  10. O-O
Nc6  11. Re1  g5
12. h3  h5  13. Nh2
Qc7  14. Bd2  O-O-O
15. a3  Rdg8  16. g3
f5  17. exf6  Nxf6
18. c4  Bd6  19. Nf1
Ne4  20. cxd5  exd5
21. Nc3  c4  22. Qe3
Bf4  23. Qe2  Nxd4
24. Qd1  Nxd2  25. Nxd5
N2f3+  26. Kh1  Qb7 0-1

[Event "MCR senioru 2020 nad 70 let"]
[Site "Rychnov n. K."]
[Date "2020.08.11"]
[Round "4"]
[White "Zeman, Ladislav"]
[Black "Jablecnik, Gustav"]
[Result "1-0"]
[WhiteElo "1771"]
[BlackElo "1989"]
[EventDate "2020.08.08"]

1. e4  b6  2. d4  Bb7
3. Bd3  f5  4. Qe2
fxe4  5. Bxe4  Bxe4
6. Qxe4  Nc6  7. c3
Nf6  8. Qe2  e6
9. Nf3  Be7  10. Ne5  Na5
11. b4  Nb7  12. O-O
O-O  13. a4  Nd5
14. Bd2  Qe8  15. b5
Bf6  16. c4  Ne7
17. Nc3  Nf5  18. Qd3
c5  19. Ne4  Nxd4
20. Nxf6+  Rxf6  21. f4
d6  22. Nf3  Qg6
23. Qxg6  Nxf3+  24. Rxf3
Rxg6  25. a5  bxa5
26. Bxa5  Rf6  27. Bd2
d5  28. Rfa3  Nd6
29. b6  Rff8  30. Rxa7
Rxa7  31. Rxa7  Rb8
32. cxd5  exd5  33. Ba5
Rb7  34. Kf2  Kf7
35. g4  Ke6  36. h4
d4  37. f5+  Ke5
38. Kf3  h6  39. Rxb7
Nxb7  40. Bd2  c4
41. Bf4+  Kd5  42. g5
hxg5  43. hxg5  Kc6
44. Be5  d3  45. Bxg7
Kxb6  46. Bd4+  Kc6
47. g6  Nd6  48. g7
Nxf5  49. g8=Q  Nxd4+
1-0

[Event "MCR senioru 2020 nad 70 let"]
[Site "Rychnov n. K."]
[Date "2020.08.11"]
[Round "4"]
[White "Majerik, Vladimir"]
[Black "Volf, Jaroslav"]
[Result "1/2-1/2"]
[WhiteElo "1842"]
[BlackElo "1966"]
[EventDate "2020.08.08"]

1. d4  Nf6  2. Nf3  g6
3. Bg5  Bg7  4. Nbd2
d5  5. e3  O-O
6. Bd3  Nbd7  7. O-O  c5
8. c3  Qb6  9. Rb1
Re8  10. Re1  Nh5
11. Bc2  Nf8  12. Nb3
c4  13. Nc1 1/2-1/2

[Event "MCR senioru 2020 nad 70 let"]
[Site "Rychnov n. K."]
[Date "2020.08.11"]
[Round "4"]
[White "Just, Pavel"]
[Black "Havrlik, Pavel"]
[Result "1-0"]
[WhiteElo "1958"]
[BlackElo "1840"]
[EventDate "2020.08.08"]

1. e4  e6  2. d4  d5
3. e5  c5  4. Nf3
Qb6  5. Bd3  Bd7
6. dxc5  Bxc5  7. Qe2
Nc6  8. c3  a5
9. a4  h6  10. O-O  Nge7
11. Na3  Na7  12. Nc2
Nec6  13. Bd2  Qd8
14. b4  axb4  15. cxb4
Be7  16. a5  O-O
17. b5  Nb8  18. Be3
Nc8  19. Qd2  f5
20. Nfd4  g5  21. f4
gxf4  22. Bxf4  Bg5
23. Nf3  Bxf4  24. Qxf4
Kh7  25. Qd2  b6
26. a6  Qe7  27. Ncd4
Na7  28. Rac1  Rc8
29. Kh1  Kg7  30. Rfe1
Qe8  31. g4  Nxb5
32. Rxc8  Qxc8  33. gxf5
Qc3  34. Rg1+  Kf7 35. Qxh6 1-0

[Event "MCR senioru 2020 nad 70 let"]
[Site "Rychnov n. K."]
[Date "2020.08.11"]
[Round "4"]
[White "Haderka, Karel"]
[Black "Dolezal, Radoslav"]
[Result "1/2-1/2"]
[WhiteElo "1819"]
[BlackElo "1929"]
[EventDate "2020.08.08"]

1. c4  e5  2. Nc3  Nf6
3. g3  Be7  4. Bg2
O-O  5. e3  c6
6. Nge2  d6  7. d4  Nbd7
8. O-O  Nb6  9. b3
Bg4  10. h3  Be6
11. Bb2  Qc7  12. Qc2
1/2-1/2

[Event "MCR senioru 2020 nad 70 let"]
[Site "Rychnov n. K."]
[Date "2020.08.11"]
[Round "4"]
[White "Klimes, Jiri"]
[Black "Kohout, Jan"]
[Result "0-1"]
[WhiteElo "1807"]
[BlackElo "1928"]
[EventDate "2020.08.08"]

1. e4  c5  2. Nf3  d6
3. d4  cxd4  4. Nxd4
Nf6  5. Nc3  a6
6. Be2  e5  7. Nf3  Be7
8. O-O  O-O  9. Bg5
Be6  10. Qd2  Nbd7
11. Rad1  b5  12. a3
Qc7  13. Nh4  Rfd8
14. Nf5  Bxf5  15. exf5
d5  16. f3  Nb6
17. Qe1  h6  18. Bh4  d4
19. Bxf6  Bxf6  20. Ne4
Nd5  21. Qg3  Kh7
22. Nxf6+  gxf6  23. Rd2
Rg8  24. Qh4  Rg5
25. Bd3  Rag8  26. Rff2
Nf4  27. Kh1  Rh5
28. Qxf6  Nxd3  29. Rxd3
e4  30. g4  exd3
31. gxh5  dxc2  0-1

[Event "MCR senioru 2020 nad 80 let"]
[Site "Rychnov n. K."]
[Date "2020.08.11"]
[Round "4"]
[White "Most, Zdenek"]
[Black "Jacek, Miloslav"]
[Result "0-1"]
[WhiteElo "1978"]
[BlackElo "1938"]
[EventDate "2020.08.08"]

1. d4  Nf6  2. c4  e6
3. Nf3  Bb4+  4. Nc3
c5  5. d5  exd5
6. cxd5  d6  7. g3  O-O
8. Bg2  Ne4  9. Bd2
Nxd2  10. Qxd2  Nd7
11. O-O  Nf6  12. Ne1
Bf5  13. Qf4  Bg6
14. a3  Bxc3  15. bxc3
b5  16. e4  Rb8
17. f3 a5 18. g4  Qe7  19. Rf2
Rb6  20. Rb2  Rfb8  21. Qd2
Nd7  22. Rab1  Ne5
23. Bf1  c4  24. Be2
h5  25. h3  hxg4
26. hxg4  Qc7  27. Nc2
Qc5+  28. Qd4  Nd7
29. Kf2  f6  30. Kg3
Be8  31. Qd2  Ne5
32. Nd4  Qxa3  33. Ra2
Qc5  34. Rxa5  Bd7
35. Qa2  Qc8  36. Ra7
b4  37. cxb4  Rxb4
38. Rxb4  Rxb4  39. Ra8
Rb8  40. Rxb8  Qxb8
41. Bxc4  Qb4  42. Ne6
Qxc4  43. Qa8+  Qc8
44. Qa5  0-1

[Event "MCR senioru 2020 nad 80 let"]
[Site "Rychnov n. K."]
[Date "2020.08.11"]
[Round "4"]
[White "Holecek, Vladimir"]
[Black "Pokora, Lubomir"]
[Result "1-0"]
[WhiteElo "1904"]
[BlackElo "1732"]
[EventDate "2020.08.08"]

1. e4  e5  2. Nf3  Nf6
3. Nxe5  d6  4. Nf3
Nxe4  5. Nc3  Nxc3
6. dxc3  Be7  7. Be3
Nc6  8. Qd2  Be6
9. O-O-O  Qd7  10. Nd4
Ne5  11. b3  a6
12. h3  c5  13. Nxe6  fxe6
14. f4  Nf7  15. Bxc5
Rc8  16. Bd4  O-O
17. Re1  Nd8  18. c4
Qc7  19. Bd3  a5
20. a4  Bh4  21. g3
Bf6  22. Bxf6  Rxf6
23. g4  Qc5  24. Rhf1
Rf7  25. Kb2  b6
26. f5  e5  27. Be4
Kh8  28. Bd5  Rf8
29. g5  Nc6  30. c3
Ne7  31. Be6  Rcd8
32. h4  Qc7  33. h5
Rde8  34. g6  Rf6
35. h6  Rxe6  36. hxg7+
Kxg7  37. fxe6  hxg6
38. Rf7+ 1-0

[Event "MCR senioru 2020 nad 80 let"]
[Site "Rychnov n. K."]
[Date "2020.08.11"]
[Round "4"]
[White "Vlasak, Ladislav"]
[Black "Vochozka, Jindrich"]
[Result "1/2-1/2"]
[WhiteElo "1765"]
[BlackElo "1747"]
[PlyCount "71"]
[EventDate "2020.08.08"]

1. e4 c6 2. d4 d5 3. Nc3 dxe4 4. Nxe4 Nd7 5. Bd3 Ngf6 6. Bf4 Nxe4 7. Bxe4 Nf6
8. Bf3 Bf5 9. g4 Bg6 10. Ne2 e6 11. Ng3 Bd6 12. Bxd6 Qxd6 13. Qd2 O-O 14. O-O-O
Nd5 15. a3 Qf4 16. Bxd5 Qxd2+ 17. Kxd2 exd5 18. f3 f5 19. Rhf1 fxg4 20. fxg4 h6
21. c3 Rxf1 22. Rxf1 Rf8 23. Ke3 Rxf1 24. Nxf1 Kf7 25. Kf4 Ke6 26. h4 Bd3 27.
Nd2 g6 28. g5 h5 29. Nf3 Bc2 30. Nd2 Bd3 31. b3 b6 32. c4 c5 33. dxc5 bxc5 34.
cxd5+ Kxd5 35. Ke3 Bf5 36. Nc4 1/2-1/2

[Event "MCR senioru 2020 nad 80 let"]
[Site "Rychnov n. K."]
[Date "2020.08.11"]
[Round "4"]
[White "Matoulek, Jaroslav"]
[Black "Prachar, Josef"]
[Result "0-1"]
[WhiteElo "1560"]
[BlackElo "1792"]
[EventDate "2020.08.08"]

1. e4  c5  2. Nf3  d6
3. h3  Nf6  4. c3
Nc6  5. d3  g6
6. g3  Bg7  7. Bg2  O-O
8. O-O  Rb8  9. Re1
e5  10. Nbd2  b5
11. b3  a5  12. Rb1
Ba6  13. Nf1  Qd7
14. Ne3  Rfe8  15. Nd5
Nxd5  16. exd5  Ne7
17. c4  bxc4  18. dxc4
Bxc4  19. Nh2  Qb7
20. Bg5  Bb5  21. Ng4
f5  22. Nh6+  Bxh6
23. Bxh6  e4  24. g4
Bd3  25. Rc1  Qxd5
26. Bg5  Qf7  27. Bxe7
Rxe7  28. gxf5  gxf5
29. Qd2  Qg6  30. Kh2
Rg7  31. Rg1  Qf6
32. Qf4  Re8  33. Rce1
Qe5  34. Qxe5  Rxe5
35. f4  Ree7  36. Bf1
Rxg1  37. Kxg1  Rg7+
38. Kf2  Bxf1  39. Rxf1
Kf7  40. Rd1  Ke6
41. Rc1  Kd5  42. Rd1+ Kc6 43.
a4  d5  44. Rd2 0-1

[Event "MCR senioru 2020 nad 80 let"]
[Site "Rychnov n. K."]
[Date "2020.08.11"]
[Round "4"]
[White "Walter, Jaroslav"]
[Black "Hadamek, Miroslav"]
[Result "1-0"]
[WhiteElo "1630"]
[BlackElo "1649"]
[EventDate "2020.08.08"]

1. e4  d5  2. e5  f6
3. d4  Nc6  4. Bb5
Bd7  5. Nf3  Bg4
6. h3  Bxf3  7. Qxf3
a6  8. Bd3  Nxd4
9. Qh5+  Kd7  10. c3
Ne6  11. Bf5  Qe8
12. Qg4  Qf7  13. Qd4
c6  14. c4  g6
15. cxd5  gxf5  16. dxe6+  Kxe6
17. Qc4+  1-0

[Event "MCR senioru 2020 nad 50 let"]
[Site "Rychnov n. K."]
[Date "2020.08.12"]
[Round "5"]
[White "Svarc, Roman"]
[Black "Kalousek, Vladimir"]
[Result "1-0"]
[WhiteElo "1981"]
[BlackElo "1963"]
[EventDate "2020.08.08"]

1. c4 Nf6 2. Nc3 d5  3. cxd5  Nxd5
4. g3  g6  5. Bg2
Nxc3  6. bxc3  Bg7
7. Rb1  c6  8. Nf3
O-O  9. c4  c5
10. O-O  Nc6  11. Ng5  Qc7
12. d3  b6  13. Bb2
Bxb2  14. Rxb2  Bb7
15. Qc1  Nd4  16. Bxb7
Qxb7 17. Qf4 Ne6  18. Nxe6  fxe6
19. Qe3  Qd7  20. h4
Rf6  21. Rb5  Qd6
22. a4  Qd4  23. Qxd4
cxd4  24. a5  Rf5
25. Rfb1  bxa5  26. g4
Rxb5  27. Rxb5  a4
28. Ra5  Kf7  29. Kg2
a3  30. Kf3  Rb8
31. Rxa3  Rb7  32. Ra2
Kf6  33. Ke4  Rd7
34. g5+  Kf7  35. Ke5
Rb7  36. Kxd4  Ke8
37. Ke5  Kd7  38. e4
Rc7  39. Ra4  Rc5+
40. Kd4  Rc7  41. Ra6
Rb7  42. f4  Rc7
43. c5  Kd8  44. Rxe6
Rb7  45. Ra6  Rb1
46. Rxa7  Rf1  47. Ke5
Rh1  48. d4  Rxh4
49. d5  h6  50. gxh6
Rxh6  51. c6  Rh5+
52. Ke6  Rh4  53. d6 exd6
54. Kxd6  1-0

[Event "MCR senioru 2020 nad 50 let"]
[Site "Rychnov n. K."]
[Date "2020.08.12"]
[Round "5"]
[White "Richter, Martin"]
[Black "Mazanek, Kamil"]
[Result "1/2-1/2"]
[WhiteElo "1952"]
[BlackElo "2052"]
[EventDate "2020.08.08"]

1. e4  c6  2. d4  d5
3. exd5  cxd5  4. c4
e6  5. Nc3  Nf6
6. Nf3  Be7  7. c5  b6
8. b4  a5  9. Na4
Nfd7  10. Bb5  O-O
11. Bf4  Bb7  12. Bxb8
Rxb8  13. c6  Bxb4+
14. Kf1  Bxc6  15. Bxc6
b5  16. Bxd7  Qxd7
17. Ne5  Qd6  18. Nb2
f6  19. Nf3  Bc3
20. Rb1  e5  21. g3
a4  22. Nh4  Qd7
23. dxe5  fxe5  24. Kg2
e4  25. Qh5  g6
26. Nxg6  hxg6  27. Qxg6+  Bg7
28. h4  Rf6  29. Qg5
Rf5  30. Qd2  Rbf8
31. Nd1  d4  32. h5
Qd5  33. Kg1  Kh7
34. g4  Rg5  35. Qe2
Rf3  36. Rh4  Ra3
37. h6  Bxh6  38. Qc2
Rg7  39. Qc1  Qg5
40. Rxh6+  Kxh6  41. Qxa3
Qxg4+  42. Kf1  d3
43. Qd6+  Rg6  44. Qh2+
Kg7  45. Qc7+  Kg8
46. Qb8+  Kh7  47. Qc7+
Kh8  48. Qb8+  Kg7
49. Qc7+  Kh7 50. Qh2+ Rh6 51. Qd6 Rg6 52. Qh2+
Kg7 53. Nc3 e3 54. fxe3 Qf3+ 55. Ke1 Qxe3+ 1/2-1/2

[Event "MCR senioru 2020 nad 50 let"]
[Site "Rychnov n. K."]
[Date "2020.08.12"]
[Round "5"]
[White "Pan, Vladimir"]
[Black "Bartos, Jan"]
[Result "1/2-1/2"]
[WhiteElo "2026"]
[BlackElo "2131"]
[EventDate "2020.08.08"]

1. d4  e6  2. c4  f5
3. Nf3  Nf6  4. g3
Be7  5. Bg2  O-O
6. O-O  d6  7. Nc3
Ne4  8. Qc2  Nxc3
9. Qxc3  Bf6  10. Qc2
e5  11. dxe5  dxe5
12. Rd1  Qe8  13. e3
Nc6  14. Bd2  e4
15. Ne1  Be6  16. Bc3
Bxc3  17. Qxc3  Bf7
18. Nc2  Ne5  19. b3
c6  20. Nd4  Bh5
21. Rd2  Rd8  22. Rf1
Qe7  23. c5  Rd5
24. b4  Qf6  25. Rc2
Rfd8  26. Rcc1  g5
27. Qc2  Nd3  28. Rb1
Qe5  29. Bh3  g4
30. Bg2  Bg6  31. Ne2
Qe7  32. Rfd1  Nxb4
33. Qb3  Bf7  34. Rxd5
Nxd5  35. Qxb7  Qxc5
36. Nd4  Nc3  37. Ra1
Rxd4  38. exd4  Qxd4
39. Re1  Qd2  40. Rf1
Be6  41. Qb8+  Kg7
42. Qxa7+  Kg6  43. Qe3
Qd3  1/2-1/2

[Event "MCR senioru 2020 nad 50 let"]
[Site "Rychnov n. K."]
[Date "2020.08.12"]
[Round "5"]
[White "Kutak, Jaroslav"]
[Black "Kucera, Jiri"]
[Result "0-1"]
[WhiteElo "1217"]
[BlackElo "2019"]
[EventDate "2020.08.08"]

1. e4  c5  2. Nf3  e6
3. c4  Nc6  4. d4
cxd4  5. Nxd4  Nf6
6. Nxc6  bxc6  7. Bd3
Qc7  8. O-O  Be7
9. Nc3  e5  10. b3
O-O  11. Bg5  d6
12. Bxf6 Bxf6 13. Rb1  a5  14.
a4  Be6  15. Qf3  Bg5
16. Kh1  g6  17. Qe2
Rab8  18. g3  f5
19. exf5  gxf5  20. Kg1
Qg7  21. Nd1  f4
22. Qh5  Bd8  23. Qf3
d5  24. Qg2  f3
25. Qh1  Bh3  0-1

[Event "MCR senioru 2020 nad 50 let"]
[Site "Rychnov n. K."]
[Date "2020.08.12"]
[Round "5"]
[White "Kolibik, Jan"]
[Black "Kozak, Karel"]
[Result "0-1"]
[WhiteElo "1612"]
[BlackElo "1860"]
[EventDate "2020.08.08"]

1. d4  d6  2. c4  Nf6
3. Nc3  g6  4. g3
Bg7  5. Bg2  O-O
6. e4  Nbd7  7. Nge2
e5  8. d5  Ne8
9. O-O  f5  10. f4  Nef6
11. exf5  gxf5  12. fxe5
Nxe5  13. b3  Qe7
14. Nd4  Neg4  15. Nxf5
Bxf5  16. Rxf5  Ne3
17. Bxe3  Qxe3+  18. Kh1
Qxc3  19. Rc1  Qe3
20. Rf3  Qe5  21. Rf1
Rae8  22. Qd3  Ng4
23. Rxf8+  Rxf8  24. Kg1
Qd4+  25. Qe3 0-1

[Event "MCR senioru 2020 nad 50 let"]
[Site "Rychnov n. K."]
[Date "2020.08.12"]
[Round "5"]
[White "Bracha, Pavel"]
[Black "Zidu, Jan"]
[Result "0-1"]
[WhiteElo "1843"]
[BlackElo "1828"]
[EventDate "2020.08.08"]

1. e4  e6  2. d4  d5
3. e5  c5  4. c3
Nc6  5. Nf3  Qb6
6. Be2  cxd4  7. cxd4
Nh6  8. Bd3  Nf5
9. Bxf5  exf5  10. a3
Be6  11. Nc3  Be7
12. O-O  O-O  13. Na4
Qb5  14. Bg5  Bxg5
15. Nxg5  Rac8  16. Rb1
Rc7  17. Nc3  Qc4
18. Ne2  Rfc8  19. b3
Qa6  20. Nf4  Nd8
21. a4  h6  22. Nf3
Qc6  23. h3  b6
24. Nd3  Nb7  25. Rc1  Qd7
26. Qd2  Na5  27. Qb4
Nc6  28. Qa3  g5
29. Qb2  f4  30. Nh2
Bf5  31. Rcd1  Bxd3
32. Rxd3  Nb4  33. Rdd1
Rc2  34. Qb1  Qc6
35. Ng4  Kg7  36. Nf6
Qc3  37. Kh2  Kf8
38. a5  Ke7  39. axb6
axb6  40. Qa1  Qxa1
41. Rxa1  Rd2  42. Ra4
Nd3  43. Nxd5+  Ke6
44. Nxb6  Rcc2  45. d5+
Kf5  46. Nc4  Re2
47. g4+  Kg6  48. Raa1
Nxf2  49. Rxf2  Rxf2+
50. Kg1  Rg2+  51. Kh1
Rh2+  52. Kg1  Rcg2+
53. Kf1  f3  0-1

[Event "MCR senioru 2020 nad 50 let"]
[Site "Rychnov n. K."]
[Date "2020.08.12"]
[Round "5"]
[White "Vorackova, Jarmila"]
[Black "Cermak, Miroslav"]
[Result "0-1"]
[WhiteElo "1816"]
[BlackElo "1837"]
[EventDate "2020.08.08"]

1. d4 b6 2. c4  Bb7  3. Nc3  e6
4. a3  d6  5. e4
Be7  6. Nf3  Nd7
7. Be2  a6  8. O-O
g5  9. d5  e5
10. Be3  h6  11. b4  Ngf6
12. Rb1  Ng4  13. Bd2
h5  14. Ne1  Ngf6
15. Bxg5  Nxd5  16. Bxe7
Nxc3  17. Bxd8  Nxd1
18. Bxc7  Nc3  19. Rb2
Ke7  20. c5  Nxe2+
21. Rxe2  bxc5  22. bxc5
Nxc5  23. f3  a5
24. Rd2  Rh6  25. Rff2
Ra6  26. Rb2  a4
27. Bb6  Nb3  28. Be3
Rh8  29. Rfc2  Rc6
30. Rxc6  Bxc6  31. Nd3
Rc8  32. Kf2  Bd7
33. Nb4  Be6  34. Rc2
Rxc2+  35. Nxc2  f5
36. Bg5+  Kf7  37. Kg3
Na5  38. Kh4  fxe4
39. fxe4  Bg4  40. Ne3
Be2  41. Nf5  Nc4
42. Bc1  Bd3  43. Kxh5
Bxe4  44. g4  Bxf5
45. gxf5  Kf6  46. Kg4
d5  47. h4  d4
48. Bg5+  Kf7  49. Kf3  Nxa3
50. h5  Nc4  51. h6
a3  52. f6 Kg8  53. Ke4
a2  0-1

[Event "MCR senioru 2020 nad 50 let"]
[Site "Rychnov n. K."]
[Date "2020.08.12"]
[Round "5"]
[White "Dolezal, Rudolf"]
[Black "Zatko, Michal"]
[Result "0-1"]
[WhiteElo "1616"]
[BlackElo "1794"]
[EventDate "2020.08.08"]

1. e4  e6  2. c4  d5
3. cxd5  exd5  4. exd5
Nf6  5. Bb5+  Bd7
6. Qe2+  Be7  7. Nf3
O-O  8. Nc3  Re8
9. O-O  a6  10. Bc4
b5  11. Bb3  Bc5
12. Qd1  Bg4  13. d4
Bxf3  14. Qxf3  Bxd4
15. Bg5  h6  16. Bh4
Qd6  17. Bg3  Be5
18. Rae1  Nbd7  19. Bxe5
Nxe5  20. Qg3  Rad8
21. Ne4  Nxe4  22. Rxe4
Re7  23. Rc1  Rde8
24. Kf1  a5  25. a3
Qf6  26. Rf4  Nd3
27. Qxd3  Qxf4  28. Rd1
Qxh2  29. f3  Qh1+
30. Kf2  Qh4+  31. g3
Qh2+  32. Kf1  Re2
0-1

[Event "MCR senioru 2020 nad 60 let"]
[Site "Rychnov n. K."]
[Date "2020.08.12"]
[Round "5"]
[White "Janda, Zdenek"]
[Black "Malinovsky, Petr"]
[Result "1-0"]
[WhiteElo "2068"]
[BlackElo "2081"]
[EventDate "2020.08.08"]

1. c4  e6  2. Nf3  d5
3. b3  Nf6  4. Bb2
Be7  5. g3  O-O
6. Bg2  c5  7. O-O  b6
8. cxd5  Nxd5  9. d4
Bb7  10. dxc5  Bxc5
11. Nbd2  Na6  12. a3
Rc8  13. Rc1  Nf6
14. b4  Be7  15. Rxc8
Qxc8  16. Qb1  Qa8
17. Ne1  Rd8  18. Bxb7
Qxb7  19. Nef3  Nc7
20. e4  Nce8  21. e5
Nd5  22. Ne4  h6
23. Re1  Qd7  24. Nd4
Nec7  25. Qd3  b5
26. Qc2  Nb6  27. Nc6
Ra8  28. Nxe7+  Qxe7
29. Qc6  Qd7  30. Qc1
Rd8  31. Nd6  Ncd5
32. Qc5  a6  33. Bd4
Nc8  34. Nxc8  Rxc8
35. Qd6  Qxd6  36. exd6
Kf8  37. Bc5  Ke8
38. a4  Nc3  39. axb5
Nxb5  40. f4  Kd7
41. f5  Nxd6  42. fxe6+
fxe6  43. Kg2  a5
44. Rd1  Rc6  45. Bxd6
Rxd6  46. Rxd6+  Kxd6
47. bxa5  Kc5  48. Kf3
Kb5  49. Ke4  Kxa5
50. Ke5  Kb6  51. Kxe6
Kc6  52. Kf7  1-0

[Event "MCR senioru 2020 nad 60 let"]
[Site "Rychnov n. K."]
[Date "2020.08.12"]
[Round "5"]
[White "Vagner, Ladislav"]
[Black "Mlynek, Petr"]
[Result "1-0"]
[WhiteElo "1883"]
[BlackElo "2100"]
[EventDate "2020.08.08"]

1. d4  f5  2. e4  fxe4
3. Nc3  Nf6  4. Bg5
g6  5. Bxf6  exf6
6. Nxe4  Bg7  7. Bd3
O-O  8. Ne2  d5
9. Nd2  Nc6  10. c3  Ne7
11. Nf4  Bf5  12. Be2
Qd6  13. g3  Bh6
14. Ng2  b6  15. O-O
c5  16. dxc5  bxc5
17. Nc4  Qb8  18. Nce3
Rd8  19. Nxf5  Nxf5
20. Rb1  Qc7  21. Bg4
Ne7  22. Re1  f5
23. Bf3  Rd6  24. Qe2
Kf8  25. Qe5  Rad8
26. Rbd1  Bg7  27. Qf4
d4  28. c4  R6d7
29. Qxc7  Rxc7  30. Nf4
Rd6  31. Ne6+  Rxe6
32. Rxe6  Rd7  33. Bc6
Rc7  34. Ba4  Kf7
35. Rd6  Nc8  36. Rd7+
Rxd7  37. Bxd7  Nd6
38. Bc6  Bh6  39. b4
Ne4  40. Bxe4  fxe4
41. bxc5  d3  42. Kf1
Ke6  43. f3  Ke5
44. fxe4 1-0

[Event "MCR senioru 2020 nad 60 let"]
[Site "Rychnov n. K."]
[Date "2020.08.12"]
[Round "5"]
[White "Papay, Jindrich"]
[Black "Juricek, Stanislav"]
[Result "0-1"]
[WhiteElo "1935"]
[BlackElo "2058"]
[EventDate "2020.08.08"]

1. g3  Nf6  2. f4  g6
3. Bg2  Bg7  4. e4
d6  5. d3  c5
6. Nf3  Nc6  7. O-O  O-O
8. Na3  Rb8  9. c3
b5  10. Nc2  b4
11. Ne3  bxc3  12. bxc3  Ng4
13. Nxg4  Bxg4  14. Qc2
Bxf3  15. Bxf3  Nd4
16. Qd2  Nxf3+  17. Rxf3
Qa5  18. Bb2  Rxb2
19. Qxb2  Bxc3  20. Qc1
Bxa1  21. Qxa1  Rb8
22. Rf2  Qb4  23. Kg2
c4  24. dxc4  Qxc4
25. Qe1  Qd3  26. Rd2
Qc4  27. Qe3  Qc1
28. Qd4  Rc8  29. Qb2
Qxb2  30. Rxb2  Rc4
31. Kf3  Ra4  32. Ke3
h5  33. f5  gxf5
34. Kf4  Kg7  35. Kxf5
Ra5+  36. Kf4  Kf6
37. Rf2  Ra4  38. Ke3+
Kg6  39. Kd3  Ra5
40. Kc4  f5  41. exf5+
Rxf5  42. Rb2  Rc5+
43. Kd4  Ra5  44. Ke4
e6  45. Rd2  Ra4+
46. Kf3  d5  47. Re2
Kf5  48. Rf2  e5
49. Kg2+  Ke4  50. Re2+
Kd4  51. Rd2+  Kc4
52. h3  e4  53. g4
hxg4  54. hxg4  e3
55. Re2  d4  56. Kf3
Ra6  57. Ke4  d3
0-1

[Event "MCR senioru 2020 nad 60 let"]
[Site "Rychnov n. K."]
[Date "2020.08.12"]
[Round "5"]
[White "Novotny, Josef"]
[Black "Humlicek, Vojtech"]
[Result "1-0"]
[WhiteElo "1968"]
[BlackElo "1884"]
[EventDate "2020.08.08"]

1. e3  d5  2. d3  Nf6
3. Ne2  c5  4. Nd2
Nc6  5. g3  e5
6. Bg2  Be7  7. b3  O-O
8. Bb2  Re8  9. h3
Be6  10. g4  Nd7
11. Ng3  g6  12. a3
Rc8  13. c4  Nf8
14. cxd5  Bxd5  15. Nde4
Nd7  16. O-O  Nf6
17. f4  Bxe4  18. Bxe4
Nxe4  19. Nxe4  f6
20. b4  Qb6  21. Qb3+
Kg7  22. fxe5  Kg8 23. Qd1 Qd8
1-0

[Event "MCR senioru 2020 nad 60 let"]
[Site "Rychnov n. K."]
[Date "2020.08.12"]
[Round "5"]
[White "Mares, Petr"]
[Black "Bartos, Alois"]
[Result "0-1"]
[WhiteElo "1873"]
[BlackElo "1958"]
[EventDate "2020.08.08"]

1. Nf3  c5  2. g3  Nf6
3. Bg2  Nc6  4. d3
d5  5. O-O  e5
6. e4  d4  7. a4  Be7
8. Na3  O-O  9. Nc4
Qc7  10. Nh4  Ne8
11. Nf5  Be6  12. f4
f6  13. Nh4  Nd6
14. b3  a6  15. f5
Bf7  16. Qg4  Rfb8
17. Ng6  Ne8  18. h4
b5  19. Nxe7+  Nxe7
20. Nb2  c4  21. bxc4
bxc4  22. dxc4  Bxc4
23. Rf2  Bf7  24. Qf3
Rb6  25. Qa3  Rc6
26. Nd1  Rxc2  27. Rxc2
Qxc2  28. Qxe7  Qxd1+
29. Kh2  Qb3  30. Ba3
h6  31. Rc1  Bh5
32. Bf1  d3  33. Qc5
Kh7  34. Kh3  Rd8
35. Qb4  Qxb4  36. Bxb4
d2  37. Bxd2  Rxd2
38. Bxa6  Nd6  39. g4
Be8  40. Ra1  Bc6
41. a5  Bxe4  42. Bf1
Bd3  43. Bg2  Ba6
44. Rb1  Bb5  45. Ra1
Ba6  46. Rb1  Nc4
47. Ra1  Rd3+  48. Kh2
Ra3  49. Rb1  Rxa5
50. Rb8  Ne3  51. Bc6
Nxg4+  52. Kh3  Ne3
53. Be8  Nxf5  54. h5
Ne7  55. Bf7  Bc8+
56. Kg3  Rc5  57. Ba2
Rc3+  0-1

[Event "MCR senioru 2020 nad 60 let"]
[Site "Rychnov n. K."]
[Date "2020.08.12"]
[Round "5"]
[White "Semerak, Pavel"]
[Black "Vlachopulos, Georgis"]
[Result "1-0"]
[WhiteElo "1939"]
[BlackElo "1884"]
[EventDate "2020.08.08"]

1. e4  d6  2. d4  Nf6
3. Nc3  c6  4. f4
Qa5  5. Bd2  e5
6. Nf3  Bg4  7. Nd5  Qd8
8. Nxf6+  Qxf6  9. dxe5
dxe5  10. fxe5  Qg6
11. Bd3  Nd7  12. Bc3
Bc5  13. Qd2  O-O-O
14. O-O-O  Qe6  15. Kb1
Bxf3  16. gxf3  Nxe5
17. Bxe5  Qxe5  18. f4
Qc7  19. Rhf1  g6
20. Qc3  Be3  21. e5
Qb6  22. Qb3  Qxb3
23. axb3  Rhf8  24. Rde1
Bd4  25. h4  Rde8
26. c3  Bc5  27. h5
Kd8  28. Rh1  Re7
29. b4  Bb6  30. Bc4
a6  31. Kc2  Rd7
32. f5  Bc7  33. e6
fxe6  34. Bxe6  Re7
35. hxg6  hxg6 36. fxg6 Rf2+
37. Kb3  Bg3  38. Bf7  Rfxf7
39. gxf7  Rxf7  40. Rh8+
Kc7 41. Reh1 b5  42. R1h7  Rxh7
43. Rxh7+ Kb6 44. Rh6  Be5  45.
Kc2  Bg7  46. Re6  Bf8
47. Kd3  Kc7  48. Ke4
Bd6  49. Rg6  Bh2
50. Kf5  Kb6  51. Ke6
Bf4  52. Kd7  Bc1
53. Rxc6+  Kb7  54. b3
Bd2  55. Kd6  Be1
56. Rc7+  Kb6  57. Rc8
Kb7  58. Rc5  Kb6
59. Kd5  Bd2  60. Kd4
a5  61. bxa5+  1-0

[Event "MCR senioru 2020 nad 60 let"]
[Site "Rychnov n. K."]
[Date "2020.08.12"]
[Round "5"]
[White "Sobotnik, Petr"]
[Black "Lepik, Jaroslav"]
[Result "1/2-1/2"]
[WhiteElo "1901"]
[BlackElo "1789"]
[EventDate "2020.08.08"]

1. c4  e5  2. Nc3  Nf6
3. Nf3  Nc6  4. d4
exd4  5. Nxd4  Bb4
6. Nxc6  Bxc3+  7. bxc3
bxc6  8. Bg5  h6
9. Bh4  g5  10. Bg3
O-O  11. e3  d6
12. Bd3  c5  13. Rb1  Bd7
14. O-O  Bc6  15. Qc2
Qe7  16. Rb2  Rab8
17. Rfb1  Rb6  18. Re1
Be4  19. Rxb6  axb6
20. f3  Bxd3  21. Qxd3
Ra8  22. e4  Nh5
23. Re2  Nxg3  24. hxg3
Qe5  25. Kh2  Ra3
26. Rc2  Ra4  27. Qd5
Qe6  28. Qc6  Ra7
29. Qd5  Kf8  30. f4
gxf4  31. gxf4  Qg4
32. g3  h5  33. Rg2
h4  34. Qd2  Ra4
35. e5  hxg3+  36. Rxg3
Qe6  37. exd6  Qxd6
38. Rd3  Qg6  39. Rg3
Qd6  40. Rd3  1/2-1/2